Одиссея: эпическая поэма; пер. с древнегреч.

Библиографические подробности
Главный автор: Гомер
Другие авторы: Жуковский В. А. Василий Андреевич (переводчик), Тахо-Годи А. (автор предисловия)
Язык:русский
Опубликовано: Москва, Художественная литература, 1987
Серии:Школьная библиотека
Предметы:
Формат: Книга
Запись в KOHA:https://koha.lib.tpu.ru/cgi-bin/koha/opac-detail.pl?biblionumber=101834

MARC

LEADER 00000nam0a2200000 4500
001 101834
005 20231101214406.0
020 |a RU  |b 87-38795 
035 |a (RuTPU)RU\TPU\book\109814 
035 |a RU\TPU\book\109810 
090 |a 101834 
100 |a 20060918d1987 m y0rusy5003 ca 
101 1 |a rus  |c gre 
102 |a RU 
105 |a ac z 000ay 
200 1 |a Одиссея  |e эпическая поэма  |e пер. с древнегреч.  |f Гомер  |g пер. В. А. Жуковский; авт. предисл. А. Тахо-Годи 
210 |a Москва  |c Художественная литература  |d 1987 
215 |a 348 с.  |c портр. 
225 1 |a Школьная библиотека 
610 1 |a древнегреческая литература 
610 1 |a древнегреческая мифология 
610 1 |a древнегреческий эпос 
610 1 |a поэмы 
675 |a 88  |z rus  |v 3 
700 0 |a Гомер  |c древнегреческий поэт  |f 12 в. до н.э.  |2 stltpui  |3 (RuTPU)RU\TPU\pers\667  |9 307 
702 1 |a Жуковский  |b В. А.  |c русский поэт  |c академик Петербургской АН  |f 1783-1852  |g  Василий Андреевич  |2 stltpui  |3 (RuTPU)RU\TPU\pers\1101  |4 730  |9 499 
702 1 |a Тахо-Годи  |b А.  |4 080 
801 0 |a RU  |b 63413507  |c 19950417  |g psbo 
801 1 |a RU  |b 63413507  |c 20060918  |g PSBO 
801 2 |a RU  |b 63413507  |c 20070312  |g PSBO 
942 |c BK